000 00743nam a2200241Ia 4500
003 GCL
008 140319s9999 xx 000 0 ara d
040 _aGCL /
_cGCL
082 0 4 _aق
_b962.32
_bع ط
100 1 _aعبدالمعز شاهين
245 1 0 _aطرق صيانة وترميم الاثار والمقتنيات الفنية /
_cعبدالمعز شاهين
260 _a[S.N] :
_bالهيئة المصرية العامة للكتاب ،
_c1975
300 _a324 ص
490 _a
650 0 4 _aالمعادن
650 0 4 _aعلم المصريات
650 0 4 _aالبردى
650 0 4 _aالمخطوطات
650 0 4 _aالزجاج
650 0 4 _aالفخار
650 0 4 _aترميم الاثار
942 _2ddc
_cBK
999 _c30426
_d30426